000
00281nam a22001337a 4500
003
SGT
020
_a
9364446313
082
_a
327
_b
KUM
100
_a
KUMAR ASHOK
245
_a
INTERNATIONAL RELATIONS
260
_a
INDIA
_b
MC GRAW HILL
_c
2026
300
_a
325
942
_2
ddc
_c
BK
999
_c
34577
_d
34577